000 00676nam a2200277Ia 4500
005 20260324140905.0
008 008 260324s9999 xx 000 0 eng d
020 _a9780429398018
037 _aEBOOK
040 _aCRL
040 _beng
040 _cCRL
041 _2eng
041 _aeng
084 _qCRL
100 _aDavid Campbell; Philip A. Thomas
_91206118
245 4 _aThe Province of Jurisprudence Determined by John Austin
260 _bTaylor and Francis
260 _c1998
365 _a
365 _b170
856 _uhttp://www.taylorfrancis.com/books/9780429398018
942 _cEBOOK
999 _c1808656
_d1808656